Kabale University Library Catalogue

Democracy in developing countries : (Record no. 6019)

MARC details
000 -LEADER
fixed length control field 00841cam a2200241 a 4500
005 - DATE AND TIME OF LATEST TRANSACTION
control field 20260205120419.0
008 - FIXED-LENGTH DATA ELEMENTS--GENERAL INFORMATION
fixed length control field 870820m19009999coub b 001 0 eng
020 ## - INTERNATIONAL STANDARD BOOK NUMBER
International Standard Book Number 1555870414
020 ## - INTERNATIONAL STANDARD BOOK NUMBER
International Standard Book Number 1555870422
020 ## - INTERNATIONAL STANDARD BOOK NUMBER
International Standard Book Number 9781555870393
040 ## - CATALOGING SOURCE
Original cataloging agency KABLIB
Transcribing agency KABLIB
Description conventions rda
082 00 - DEWEY DECIMAL CLASSIFICATION NUMBER
Classification number 321.8
Edition number 23
Item number DEM
245 00 - TITLE STATEMENT
Title Democracy in developing countries :
Remainder of title Asia /
Statement of responsibility, etc. edited by Larry Diamond, Juan J. Linz, Seymour Martin Lipset.
260 ## - PUBLICATION, DISTRIBUTION, ETC.
Place of publication, distribution, etc. Boulder, Colo. :
Name of publisher, distributor, etc. L. Rienner ;
Place of publication, distribution, etc. London :
Name of publisher, distributor, etc. Adamantine Press,
Date of publication, distribution, etc. c1989.
300 ## - PHYSICAL DESCRIPTION
Extent xxix, 489 p. :
Other physical details ill. ;
Dimensions 23 cm.
504 ## - BIBLIOGRAPHY, ETC. NOTE
Bibliography, etc. note Includes bibliographies, indexes.
650 #0 - SUBJECT ADDED ENTRY--TOPICAL TERM
Topical term or geographic name entry element Democracy.
651 #0 - SUBJECT ADDED ENTRY--GEOGRAPHIC NAME
Geographic name Developing countries
General subdivision Politics and government.
9 (RLIN) 15165
700 1# - ADDED ENTRY--PERSONAL NAME
Personal name Diamond, Larry Jay.
9 (RLIN) 15184
700 1# - ADDED ENTRY--PERSONAL NAME
Personal name Linz, Juan J.
9 (RLIN) 15204
700 1# - ADDED ENTRY--PERSONAL NAME
Personal name Lipset, Seymour Martin.
9 (RLIN) 15205
942 ## - ADDED ENTRY ELEMENTS (KOHA)
Source of classification or shelving scheme Dewey Decimal Classification
Koha item type Book
Holdings
Withdrawn status Lost status Source of classification or shelving scheme Damaged status Not for loan Home library Current library Shelving location Date acquired Source of acquisition Total Checkouts Full call number Barcode Date last seen Price effective from Koha item type
    Dewey Decimal Classification     Mukombe Library Mukombe Library Open Access Section 05.02.2026 Donation   321.8 DEM 14475 05.02.2026 05.02.2026 Book

Kabale University Library | Kabale University P.O Box 317, Kabale, Uganda
Tel : +256754017033, +256774661503 E-mail : library@kab.ac.ug